000 00897nam a2200277Ia 4500
001 Z_1846
003 CHAP
008 220113s1997 xx 000 0 und d
010 _a164940
040 _cCHAP
090 _aTesis A 1258
100 _aAbadía Rodríguez, José Antonio
_9141
245 _aEfecto del sexo sobre el rendimiento y composición de la canal de equinos tipo serrano /
_cJosé Antonio Abadía Rodríguez y Edwin Jeovanny Funez Aguilar
260 _aChapingo, Méx. :
_bEl autor,
_c1997
300 _a96 h.
502 _aTesis (Ing. Agr. Esp. en Zootecnia) -- UACH. Departamento de Zootecnia
650 _aAlimentos
_xPropiedades organolépticas
_94270
650 _aCarne de caballo
_xProducción
_919128
700 _aFunez Aguilar, Edwin Jeovany
_9138991
901 _aTESIS A 1258
902 _aM
910 _a1997
942 _c2
942 _c2
999 _c164940
_d164940